00450nam a2200181Ia 4500003000400000005001700004008004100021020002200062040000700084041000800091082002100099100002200120245004900142260002700191300001500218365001300233650002200246OSt20230426112411.0210423s2017 xx 000 0 und d a978-1-137-61208-3 cAL aeng a820.9 223bWOLT aWOLFREYS (Julian) aTransitions: Queer theoriescHALL (Donald E) aLondonbPalgravec2017 ax, 214bPB b545cINR aEnglish Criticism